01206cam a2200301 i 45000010008000000030004000080050017000120080041000290100017000700200015000870400018001020500021001200600030001410820016001712450099001872600143002863000057004294400040004865000130005265040039006566500015006956500024007106500015007346500025007496500025007747000050007997100055008493209593OSt20210629080550.0780802s1979 ne af b 001 0 eng  a 78013216  a0720406560 aDLCcDLCdDLC00aQP261b.H85 1979 aW1 HU462 v. 3aWP540 H91800a612/.6221900aHuman ovulation :bmechanisms, prediction, detection, and induction /ceditor, E. S. E. Hafez. aAmsterdam ;aNew York :bNorth-Holland Pub. Co. ;aNew York :bsole distributors for the U.S.A. and Canada, Elsevier North-Holland,c1979. axxii, 546 p., [3] leaves of plates :bill. ;c25 cm. 0aHuman reproductive medicine ;vv. 3 a"The sixth C.S. Mott Center symposium held in April, 1977, at Wayne State University, School of Medicine, Detroit, Michigan." aIncludes bibliographies and index. 0aOvulation. 0aHuman reproduction. 2aOvulation. 2aOvulation detection. 2aOvulation induction.1 aHafez, E. S. E.q(Elsayed Saad Eldin),d1922-2 aC.S. Mott Center for Human Growth and Development.